| Tag |
First Indicator |
Second Indicator |
Subfields |
| LEADER |
00000cam a2200000 4500 |
| 001 |
in00000064498 |
| 005 |
20151007083251.0 |
| 008 |
720622s1935 nyu 00000 eng u |
| 010 |
|
|
|a 35009022
|
| 035 |
|
|
|a (OCoLC)00338332
|
| 035 |
|
|
|9 AAF9118AM
|
| 040 |
|
|
|c CSU
|d TXA
|d UtOrBLW
|
| 049 |
|
|
|a TXAM [67377]
|
| 050 |
|
0 |
|a HC57
|b .E52 1935a
|
| 092 |
|
|
|a 332.409
|b E35w, 1914-1935
|
| 100 |
1 |
|
|a Einzig, Paul,
|d 1897-1973.
|
| 245 |
1 |
0 |
|a World finance, 1914-1935 /
|c by Paul Einzig.
|
| 264 |
|
1 |
|a New York :
|b The Macmillan company,
|c 1935.
|
| 300 |
|
|
|a xvi pages, 1 leaf, 382 pages ;
|c 22cm.
|
| 336 |
|
|
|a text
|b txt
|2 rdacontent
|
| 337 |
|
|
|a unmediated
|b n
|2 rdamedia
|
| 338 |
|
|
|a volume
|b nc
|2 rdacarrier
|
| 500 |
|
|
|a London edition (K. Paul, Trench Trubner & Co., ltd.) has title: World finance since 1914.
|
| 650 |
|
0 |
|a Economic history
|y 1918-1945.
|
| 650 |
|
0 |
|a Currency question.
|
| 650 |
|
0 |
|a World War, 1914-1918
|x Finance.
|
| 999 |
|
|
|a MARS
|
| 999 |
f |
f |
|s d7c4c267-4e33-3e99-bcd0-6030c50508c7
|i 96dfc43b-0d5b-3bec-abb9-a2f7bb51d7ae
|t 0
|
| 952 |
f |
f |
|p normal
|a Texas A&M University
|b College Station
|c Sterling C. Evans Library
|d Evans: Library Stacks
|t 0
|e HC57 .E52 1935a
|h Library of Congress classification
|i unmediated -- volume
|m A14800733008
|
| 998 |
f |
f |
|a HC57 .E52 1935a
|t 0
|l Evans: Library Stacks
|